00309cam3a220012100 4500001001200000008004100012035001900053035001800072100003400090245004700124260001000171004000600181zam00003586951128s1976 xx eng u a(Sirsi) r20911 a(MACHINE)SLC. aFriend & Thrilfall.6A82460.110aBiochemical aspects of plant relationship. c1976.20911